El caso Wagner ; Nietzsche contra Wagner / (Record no. 32018)

MARC details
000 -LEADER
campo de control de longitud fija 01099nam a2200301 i 4500
001 - NÚMERO DE CONTROL
campo de control 32018
003 - IDENTIFICADOR DE NÚMERO DE CONTROL
campo de control ES-MaACL
005 - FECHA Y HORA DE LA ÚLTIMA TRANSACCIÓN
campo de control 20250519152249.0
007 - CAMPO FIJO DE DESCRIPCIÓN FÍSICA--INFORMACIÓN GENERAL
campo de control de longitud fija t|
008 - DATOS DE LONGITUD FIJA--INFORMACIÓN GENERAL
campo de control de longitud fija 021202s2002 sp ||||1| spa d
020 ## - NÚMERO INTERNACIONAL ESTÁNDAR DEL LIBRO
Número Internacional Estándar del Libro 84-7844-602-8
080 ## - NÚMERO DE LA CLASIFICACIÓN DECIMAL UNIVERSAL
Número de la Clasificación Decimal Universal 78 Wagner, Richard
100 1# - ENTRADA PRINCIPAL--NOMBRE DE PERSONA
Nombre de persona Nietzsche, Friedrich,
Fechas asociadas al nombre 1844-1900
9 (RLIN) 85718
245 13 - MENCIÓN DEL TÍTULO
Título El caso Wagner ; Nietzsche contra Wagner /
Mención de responsabilidad, etc. Friedrich Nietzsche ; prólogo de Begoña Lolo ; edición de Giorgio Colli y Mazzino Montinari ; traducción de José Luis Arántegui.
260 ## - PUBLICACIÓN, DISTRIBUCIÓN, ETC.
Lugar de publicación, distribución, etc. Madrid :
Nombre del editor, distribuidor, etc. Siruela,
Fecha de publicación, distribución, etc. [2002]
300 ## - DESCRIPCIÓN FÍSICA
Extensión 117 p. ;
Dimensiones 21 cm.
490 1# - MENCIÓN DE SERIE
Mención de serie Biblioteca de ensayo. Serie mayor ;
Designación de volumen o secuencia 19
600 14 - PUNTO DE ACCESO ADICIONAL DE MATERIA--NOMBRE DE PERSONA
Nombre de persona Wagner, Richard,
Fechas asociadas al nombre 1813-1883
9 (RLIN) 240522
700 1# - ENTRADA AGREGADA--NOMBRE PERSONAL
Nombre de persona Wagner, Richard,
Fechas asociadas al nombre 1813-1883
9 (RLIN) 240522
700 1# - ENTRADA AGREGADA--NOMBRE PERSONAL
Nombre de persona Lolo, Begoña.
9 (RLIN) 73158
700 1# - ENTRADA AGREGADA--NOMBRE PERSONAL
Nombre de persona Colli, Giorgio.
9 (RLIN) 39701
700 1# - ENTRADA AGREGADA--NOMBRE PERSONAL
Nombre de persona Montinari, Mazzino.
9 (RLIN) 82661
700 1# - ENTRADA AGREGADA--NOMBRE PERSONAL
Nombre de persona Arántegui, José Luis.
9 (RLIN) 22327
740 0# - ENTRADA AGREGADA--TÍTULO RELACIONADO/ANALÍTICO NO CONTROLADO
Título relacionado o analítico no controlado Nietzsche contra Wagner.
830 0# - PUNTO DE ACCESO ADICIONAL DE SERIE-TÍTULO UNIFORME
Título uniforme Biblioteca de ensayo. Serie mayor ;
Designación de volumen o secuencia 19
9 (RLIN) 180582
852 ## - LOCALIZACIÓN
Ubicación ES-MaACL
Número de control de estantería L-26112
Sublocalización o colección R.131889
Holdings
Estatus retirado Estado de pérdida Estado de daño No para préstamo Biblioteca de origen Biblioteca actual Ubicación en estantería Fecha de adquisición Fuente de adquisición Total de préstamos Signatura topográfica completa Código de barras Visto por última vez Precio de reemplazo Tipo de ítem Koha
        Biblioteca del Ateneo de Madrid Biblioteca del Ateneo de Madrid Depósito 2 17/01/2008     L-26112 1033129 23/02/2023 23/02/2023 Libro impreso